000 00823nam a2200265Ia 4500
005 20250425162828.0
008 250425s9999 xx 000 0 und d
020 _a9584101846
041 _aspa
044 _ack
082 _a378.12
_pPOS
100 _aPosner, George J.
245 0 _aAnálisis de currículo
_cGeorge J. Posner, traducción Gladys Arango Medina
250 _aSegunda edición, reimpresión
260 _aBogotá
_bMcGraw Hill Interamericana
_c2003
264 _aColombia, BOGOTA
_bMC GRAW HILL
_c2003.
300 _a347 páginas
_bilustraciones
_c23 cm.
504 _aIncluye referencia bibliográfica e índice
650 _aAnálisis Curricular
650 _aCurrículo
700 _aArango Medina, Gladys
_etraductor
902 _aMonográfico
_cImpreso
942 _c01
010 _a110764
999 _c237290
_d237290